A first course in information theory (Record no. 4142)
[ view plain ]
| 000 -LEADER | |
|---|---|
| fixed length control field | 00591 a2200157 4500 |
| 020 ## - INTERNATIONAL STANDARD BOOK NUMBER | |
| International Standard Book Number | 0306467917 |
| 040 ## - CATALOGING SOURCE | |
| Original cataloging agency | DLC |
| Language of cataloging | DLC |
| 100 ## - MAIN ENTRY--PERSONAL NAME | |
| Personal name | Yeung, Raymond W. |
| 245 ## - TITLE STATEMENT | |
| Title | A first course in information theory |
| Statement of responsibility, etc. | Raymond,Yeung, Raymond W. |
| 260 ## - PUBLICATION, DISTRIBUTION, ETC. | |
| Place of publication, distribution, etc. | New York Publishers, c2002. |
| Name of publisher, distributor, etc. | Kluwer Academic/Plenum |
| Date of publication, distribution, etc. | c2002 |
| 300 ## - PHYSICAL DESCRIPTION | |
| Extent | xxi, 412 p. |
| Other physical details | ill. ; 24 cm. |
| Dimensions | 24 cm. |
| Accompanying material | 1 CD-ROM (4 3/4 in.) |
| 500 ## - GENERAL NOTE | |
| General note | Includes bibliographical references (p. 389-402) and index. |
| 650 ## - SUBJECT ADDED ENTRY--TOPICAL TERM | |
| Topical term or geographic name entry element | Information theory. |
| 830 ## - SERIES ADDED ENTRY--UNIFORM TITLE | |
| Uniform title | Information technology--transmission, processing, and storage |
| 942 ## - ADDED ENTRY ELEMENTS (KOHA) | |
| Koha item type | Book |
| Call number prefix | 003.54 YEU |
| Source of classification or shelving scheme | |
| Withdrawn status | Lost status | Damaged status | Not for loan | Collection code | Permanent Location | Current Location | Shelving location | Date acquired | Source of acquisition | Cost, normal purchase price | Total Checkouts | Full call number | Barcode | Date last seen | Date last checked out | Price effective from | Koha item type | Total Renewals | Source of classification or shelving scheme |
|---|---|---|---|---|---|---|---|---|---|---|---|---|---|---|---|---|---|---|---|
| Central Library (CL) | Central Library (CL) | First Floor - Computer Science | 03/11/2010 | e-Xpress | 5813.66 | 2 | 003.54 YEU | SEECS010008 | 10/19/2020 | 10/01/2018 | 01/05/2017 | Book | |||||||
| Central Library (CL) | Central Library (CL) | First Floor - Computer Science | 03/11/2010 | e-Xpress | 5813.66 | 4 | 003.54 YEU | SEECS010010 | 05/14/2015 | 03/04/2015 | 01/05/2017 | Book | 2 | ||||||
| Central Library (CL) | Central Library (CL) | First Floor - Computer Science | 03/11/2010 | e-Xpress | 5813.66 | 1 | 003.54 YEU | SEECS010009 | 04/02/2014 | 02/01/2014 | 01/05/2017 | Book | 1 | ||||||
| Central Library (CL) | Central Library (CL) | First Floor - Computer Science | 01/01/2008 | Progressive International Agencies | 4553.44 | 1 | 003.54 YEU | SEECS008867 | 04/29/2021 | 07/09/2020 | 01/05/2017 | Book | 1 | ||||||
| Central Library (CL) | Central Library (CL) | 10/12/2023 | Donation | 003.54 YEU | CL-D-2477 | 10/12/2023 | 10/12/2023 | Book |
